Statistics for Country by Cities

Click here to take the quiz!

General Stats

  • This quiz has been taken 468 times
  • The average score is 17 of 26

Answer Stats

CitiesCountry% Correct
Christchurch, Auckland, HamiltonNew Zealand
93%
Calgary, Edmonton, ReginaCanada
92%
Mecca, Jeddah, JubailSaudi Arabia
92%
Antwerp, Ghent, LeuvenBelgium
90%
Lille, Cannes, StrasbourgFrance
90%
Casablanca, Tangier, FesMorocco
90%
Bloemfontein, Durban, East LondonSouth Africa
86%
Braga, Porto, FunchalPortugal
85%
Da Nang, Hue, Hội AnVietnam
84%
Karachi, Lahore, QuettaPakistan
83%
Galway, Kilkenny, WaterfordIreland
80%
Bergen, Trondheim, StavangerNorway
78%
Aleppo, Homs, HamaSyria
75%
Timbuktu, Gao, DjennéMali
72%
Isfahan, Ahvaz, QomIran
64%
Cluj-Napoca, Constanța, BrașovRomania
63%
Valparaíso, Viña del Mar, Puente AltoChile
61%
Guayaquil, Cuenca, Santo DomingoEcuador
58%
Yogyakarta, Surabaya, MedanIndonesia
58%
Luang Prabang, Vang Vieng, PakseLaos
56%
Ruidoso, Lawrence, Cherry HillUnited States
45%
Varadero, Camagüey, Santa ClaraCuba
35%
Karakorum, Ölgii, ErdenetMongolia
24%
Lotofaga, Falealupo, Fagali'iSamoa
24%
Sonsonante, Santa Tecla, Santa AnaEl Salvador
20%
Île Sainte-Marie, Toamasina, MahajangaMadagascar
17%

Score Distribution

Percentile by Number Answered

Percent of People with Each Score

Your Score History

You have not taken this quiz